000 00439nam a2200121Ia 4500
008 160609s9999 xx 000 0 und d
100 _aWilliams, Betty Fry.
245 _aEffective Programs For Treating Autism Spectrum Disorder: Applied Behavior Analysis Models
245 _cBy:Betty Fry Williams, Randy Lee Williams
260 _c2011
650 _xAUTISM
856 _uhttp://file.ebook777.com/013/EffProForTreAutSpeDisAppBehAnaMod.pdf
999 _c295865
_d295865